01023nam a2200277Ia 4500008004100000020001500041040001800056041000800074245015400082260007800236300001800314490008300332504002200415650002200437650002700459650001900486650003100505650001600536650003500552650004000587650001700627700002300644700002500667700002700692700002600719130821s1995 ck gr spa  a9586830152 aCo-BoUCMbspa00aspa10aEstado alimentario y nutricional de comunidades indígenas y poblaciones afrocolombianas Gran expedición humanacJaime Bernal Villegas... [et al] aBogotá (Cundinamarca, Colombia)bPontificia Universidad Javerianac1995 a244 páginas aTerrenos de la Gran Expedición Humana. Serie Reportes de Investigación ; 8 aIncluye índices04aAspectos sociales04aCondiciones sanitarias04aDesnutrición04aExpediciones científicas04aIndígenas04aIndígenasvAspectos sociales04aIndígenasxCondiciones sanitarias04aSociología1 aChinchilla, Myrian1 aCortes, Lilia Yadyra1 aMondragón, Alexandra1 aTobar, Luisa Fernanda